000 00720nam a22002177a 4500
003 UA-OsUOA
001 65913
007 ta
008 20091214b un ||||| |||| 00| 0 ukr d
100 _aФилософова Т.
090 _a330
_bФ56
942 _cSA
040 _aUA-OsUOA
_brus
_cUA-OsUOA
_dUA-OsUOA
245 _aСовременные проблемы стратегического управления конкурентоспособностью международного бизнеса
300 _aС.40-52
955 _a0
041 _arus
080 _a330
773 0 _w65909
_tМеждународная экономика
_dМ.
_d2009
_g11
650 7 _a330 Економіка взагалі
_2UDC
999 _c351527
_d351527